Etihad Destinations - Statistics

General Stats
  • This quiz has been taken 159 times
  • The average score is 68 of 85
Answer Stats
Country Answer % Correct
Australia Sydney
98%
Russia Moscow
96%
China Beijing
95%
UK London
95%
France Paris
95%
Japan Tokyo
95%
Netherlands Amsterdam
94%
Greece Athens
94%
Egypt Cairo
94%
Italy Rome
94%
Singapore Singapore
94%
Belgium Brussels
93%
India Delhi
93%
Germany Frankfurt
93%
Germany Munich
93%
Thailand Bangkok
92%
Turkey Istanbul
92%
Spain Madrid
92%
Italy Milan
92%
India Mumbai
92%
Australia Perth
92%
China Shanghai
92%
Canada Toronto
92%
Switzerland Zurich
92%
Ireland Dublin
91%
UK Manchester
91%
Philippines Manila
91%
Australia Melbourne
91%
Indonesia Jakarta
90%
US Los Angeles
90%
Australia Brisbane
89%
Sri Lanka Colombo
89%
Saudi Arabia Riyadh
89%
South Korea Seoul
88%
Bangladesh Dhaka
87%
Pakistan Karachi
87%
UAE Abu Dhabi
86%
Oman Muscat
86%
China Hong Kong
85%
Pakistan Islamabad
85%
Malaysia Kuala Lumpur
85%
Kuwait Kuwait City
85%
Kenya Nairobi
85%
Lebanon Beirut
84%
US Chicago
84%
South Africa Johannesburg
84%
Morocco Casablanca
83%
Nigeria Lagos
83%
Iran Tehran
83%
Switzerland Geneva
82%
Saudi Arabia Jeddah
82%
Italy Venice
82%
Jordan Amman
81%
Belarus Minsk
80%
Nepal Kathmandu
79%
Kazakhstan Astana
78%
Germany Dusseldorf
77%
India Kolkata
76%
Pakistan Lahore
76%
Maldives Male
76%
Thailand Phuket
76%
Serbia Belgrade
75%
India Chennai
75%
UK Edinburgh
75%
Vietnam Ho Chi Minh City
75%
Morocco Rabat
75%
Bahrain Manama
71%
India Hyderabad
69%
Saudi Arabia Medina
68%
US Dallas
67%
Sudan Khartoum
67%
US New York City
67%
Japan Nagoya
66%
India Ahmedabad
64%
China Chengdu
64%
US Washington D.C
59%
Tanzania Dar es Salaam
57%
Saudi Arabia Dammam
51%
India Jaipur
42%
India Bengaluru
41%
India Kochi
41%
Uganda Entebbe
38%
Seychelles Mahe
33%
India Kozhikode
29%
India Thiruvananthapuram
25%
No matching quizzes found
Score Distribution
Percent of People with Each Score
Percentile by Number Answered
Your Score History
You have not taken this quiz